Seconde Guerre Mondiale / Deuxieme * - Statistiques

Statistiques générales
  • Ce quiz a été pris 1 402 fois
  • Le résultat moyen est 17 sur 20
Statistiques - réponses
Question Réponse % Correct
Qui était le dictateur en Allemagne de 1933 à 1945 ? Hitler
99%
Les Juifs étaient déportés dans : Des camps
98%
Qui était le dirigeant de l'URSS après Lénine ? Staline
97%
Quelle religion est devenue une cible pendant cette guerre ? Judaïsme
96%
Que fait Hitler pour ne pas se faire capturer par les Russes le 30 avril 1945 ? Il se suicide
94%
Quel résistant s'est fait torturer par les Allemands ? Jean Moulin
94%
Comment s'appelle le livre d'Adolf Hitler ? Mein Kampf
94%
Que raconte Hitler dans ce fameux livre ? Sa vision du monde
94%
Quelle ville devient la nouvelle capitale de la France pendant l'Occupation ? Vichy
94%
De Gaulle fait son appel : De Londres, par la radio
92%
Où étaient envoyés les jeunes âgés de 18 à 21 ans ? Au STO
88%
Comment appelle-t-on les jeunes personnes voulant ressembler à Hitler ? Les Jeunesses hitlériennes
88%
La France était divisée en : 2 zones
85%
Quel message Pétain fait-il passer le 16 juin 1940 ? Cesser les combats
81%
Les Américains débarquent en Normandie le : 6 juin 1944
80%
En 1943, quelle grande entreprise va se moquer d'Adolf Hitler ? Disney
78%
Quel symbole retrouve-t-on dans la France occupée ? La croix gammée
72%
Quel personnage du dessin animé va se moquer d'Adolf Hitler ? Donald
58%
Où Hitler tente-t-il un putsch en 1923 ? Munich
49%
En quelle année Hitler va-t-il en prison ? 1924
37%
Aucun quiz correspondant
Distribution des résultats
% des personnes avec chaque résultat
Percentile par nombre de réponses
Votre historique - résultats
Vous n’avez pas pris ce quiz